000
00254nam a2200097Ia 4500
008
240331s9999 xx 000 0 und d
082
_b
PRO
100
_a
Logo. ed
245
0
_a
Proposed Educational Reforms 1982 :
_b
Logos, Vol.21, No.1, March 1982
942
_c
L
999
_c
2963
_d
2963